African Capitals Closest to Each Other - Statistics

General Stats
  • This quiz has been taken 36 times
  • The average score is 29 of 40
Answer Stats
# Distance Capital % Correct
1 8.52 km Kinshasa
97%
1 8.52 km Brazzaville
93%
7 168.85 km Dakar
87%
8 169.96 km Accra
83%
14 330.40 km Accra
83%
3 124.79 km Freetown
83%
16 362.47 km Freetown
83%
10 259.24 km Pretoria
83%
11 302.35 km Pretoria
83%
3 124.79 km Conakry
80%
15 332.09 km Conakry
80%
9 205.31 km Bissau
77%
15 332.09 km Bissau
77%
18 376.98 km Kampala
77%
6 165.00 km Kigali
77%
18 376.98 km Kigali
77%
5 161.08 km Lome
77%
8 169.96 km Lome
77%
16 362.47 km Monrovia
77%
7 168.85 km Banjul
73%
9 205.31 km Banjul
73%
5 161.08 km Porto-Novo
73%
14 330.40 km Porto-Novo
73%
10 259.24 km Gaborone
67%
6 165.00 km Gitega
67%
4 147.54 km Maputo
67%
2 124.43 km Maseru
67%
4 147.54 km Mbabane
67%
11 302.35 km Mbabane
67%
2 124.43 km Bloemfontein
63%
17 366.25 km Tunis
63%
13 304.42 km Yaounde
63%
20 398.51 km Lusaka
60%
20 398.51 km Harare
57%
12 302.80 km Libreville
57%
19 381.35 km Libreville
57%
13 304.42 km Malabo
57%
19 381.35 km Malabo
57%
12 302.80 km Sao Tome
57%
17 366.25 km Tripoli
53%
No matching quizzes found
Score Distribution
Percent of People with Each Score
Percentile by Number Answered
Your Score History
You have not taken this quiz